Vodárenské pohľady časopis Asociácie vodárenských spoločností

Bibliographic Details
Other Authors: Hidvéghyová, Martina (Publishing director)
Format: Journal
Language:Slovak
PhysicalDescription:zv. 30-31 cm
Published: Bratislava Asociácia vodárenských spoločností 2005-
ISSN:1336-6467
Subjects:

MARC

LEADER 00000cas a2200000 a 4500
001 vtls008156610
003 SK-MaSNL
005 20260323100543.0
008 050527c20059999xo qr p 0 b0slo
022 |a 1336-6467 
035 |a (SVKBB03)vtls000190811 
040 |a SNK  |b slo  |c SNK  |d SVKBB  |d SAVUK  |e AACR2 
041 0 |a slo 
044 |a xo  |c SK 
072 7 |a 628  |x Zdravotná technika. Úprava vody. Odpadové hospodárstvo. Svetelná technika  |2 konspekt 
072 7 |a 626/627  |x Vodné staviteľstvo. Vodné hospodárstvo  |2 konspekt 
080 |a 628.1  |2 2011 
080 |a 626/628  |2 2011 
080 |a 050  |2 2011 
080 |a 351.752.17(051)  |2 2011 
210 0 |a Vodáren. pohľady 
222 0 |a Vodárenské pohľady 
245 0 0 |a Vodárenské pohľady  |b časopis Asociácie vodárenských spoločností 
260 |a Bratislava  |b Asociácia vodárenských spoločností  |c 2005- 
300 |a zv.  |c 30-31 cm 
310 |a 4x ročne 
362 0 |a Č. 1 (2005)- 
500 |a Od r. 2009 formát 31 cm 
500 |a Reg. číslo: 3345/2005 
500 |a Šéfredaktor: 1/2005-, Martina Hidvéghyová 
500 |a Evidenčné číslo: EV 1951/08 
500 |a Evidenčné číslo: EV 3422/09 
515 |a Niektoré čísla vychádzajú ako dvojčíslo 
650 0 7 |a vodárenstvo  |2 SNKPH  |9 758 
650 0 7 |a vodné hospodárstvo  |2 SNKPH  |9 759 
655 7 |a časopisy záujmových združení a spolkov  |2 SNKPH  |9 141943 
700 1 |a Hidvéghyová, Martina  |4 pbd  |9 270329 
852 |a Štátna vedecká knižnica v Banskej Bystrici 
910 |a savuk 
910 |a snk 
999 |c 6760  |d 8690 
952 |t č. 1-4  |a SNK  |b SNK  |y PREZ  |7 0  |p 17A1368773  |o snkČSB 7186/2009 D1  |i snk2019/18835  |8 0  |0 0  |1 0  |4 0  |d 2019-07-16  |l 0  |r 2026-02-21 19:57:02  |w 2026-02-21 
952 |t č. 1-4  |a SNK  |b SNK  |y PREZ  |7 0  |p 17A1462567  |o snkČSB 7186/15/2020  |i snk2022/5258  |8 0  |0 0  |1 0  |4 0  |d 2022-04-06  |l 0  |r 2026-02-21 20:00:55  |w 2026-02-21 
952 |t č. 1-4  |a SNK  |b SNK  |y PREZ  |7 0  |p 17A1462568  |o snkČSB 7186/16/2021  |i snk2022/5259  |8 0  |0 0  |1 0  |4 0  |d 2022-04-06  |l 0  |r 2026-02-21 20:01:09  |w 2026-02-21 
952 |t č. 1-4  |a SNK  |b SNK  |y PREZ  |7 0  |p 17A1461856  |o snkČSB 7186/14/2019 D1  |i snk2022/4120  |8 0  |0 0  |1 0  |4 0  |d 2022-03-17  |l 0  |r 2026-02-21 20:01:39  |w 2026-02-21 
952 |t č. 1-4  |a SNK  |b SNK  |y PREZ  |7 0  |p 17A1558059  |o snkČSB 7186/15/2020 D1  |i snk2025/16245  |8 0  |0 0  |1 0  |4 0  |d 2025-10-13  |l 0  |r 2026-02-21 20:10:03  |w 2026-02-21 
952 |t č. 1-4  |a SNK  |b SNK  |y PREZ  |7 0  |p 17A1558060  |o snkČSB 7186/16/2021 D1  |i snk2025/16246  |8 0  |0 0  |1 0  |4 0  |d 2025-10-13  |l 0  |r 2026-02-21 20:10:03  |w 2026-02-21 
952 |t č. 1-4  |a SNK  |b SNK  |y PREZ  |7 0  |p 17A1558061  |o snkČSB 7186/17/2022  |i snk2025/16269  |8 0  |0 0  |1 0  |4 0  |d 2025-10-13  |l 0  |r 2026-02-21 20:10:03  |w 2026-02-21 
952 |t č. 1-4  |a SNK  |b SNK  |y PREZ  |7 0  |p 17A1558062  |o snkČSB 7186/17/2022 D1  |i snk2025/16270  |8 0  |0 0  |1 0  |4 0  |d 2025-10-13  |l 0  |r 2026-02-21 20:10:03  |w 2026-02-21 
952 |t č. 1-4  |a SNK  |b SNK  |y PREZ  |7 0  |p 17A1558063  |o snkČSB 7186/18/2023  |i snk2025/16271  |8 0  |0 0  |1 0  |4 0  |d 2025-10-13  |l 0  |r 2026-02-21 20:10:03  |w 2026-02-21 
952 |t č. 1-4  |a SNK  |b SNK  |y PREZ  |7 0  |p 17A1558064  |o snkČSB 7186/18/2023 D1  |i snk2025/16273  |8 0  |0 0  |1 0  |4 0  |d 2025-10-13  |l 0  |r 2026-02-21 20:10:03  |w 2026-02-21 
952 |t č. 1-4  |a SNK  |b SNK  |y PREZ  |7 0  |p 17A1558065  |o snkČSB 7186/19/2024  |i snk2025/16275  |8 0  |0 0  |1 0  |4 0  |d 2025-10-13  |l 0  |r 2026-02-21 20:10:03  |w 2026-02-21 
952 |t č. 1-4  |a SNK  |b SNK  |y PREZ  |7 0  |p 17A1558066  |o snkČSB 7186/19/2024 D1  |i snk2025/16276  |8 0  |0 0  |1 0  |4 0  |d 2025-10-13  |l 0  |r 2026-02-21 20:10:03  |w 2026-02-21 
952 |t č. 1-4  |a SNK  |b SNK  |y PREZ  |7 0  |p 17A1368764  |o snkČSB 7186/2005  |i snk2019/18819  |8 0  |0 0  |1 0  |4 0  |d 2019-07-16  |l 0  |r 2026-02-21 22:21:20  |w 2026-02-21 
952 |t č. 1-4  |a SNK  |b SNK  |y PREZ  |7 0  |p 17A1368765  |o snkČSB 7186/2005 D1  |i snk2019/18822  |8 0  |0 0  |1 0  |4 0  |d 2019-07-16  |l 0  |r 2026-02-21 22:21:20  |w 2026-02-21 
952 |t č. 1-4  |a SNK  |b SNK  |y PREZ  |7 0  |p 17A1368766  |o snkČSB 7186/2006  |i snk2019/18823  |8 0  |0 0  |1 0  |4 0  |d 2019-07-16  |l 0  |r 2026-02-21 22:21:20  |w 2026-02-21 
952 |t č. 1-4, neúplné  |a SNK  |b SNK  |y PREZ  |7 0  |p 17A1368767  |o snkČSB 7186/2006 D1  |i snk2019/18824  |8 0  |z Chýba č. 2  |0 0  |1 0  |4 0  |d 2019-07-16  |l 0  |r 2026-02-21 22:21:26  |w 2026-02-21 
952 |t č. 1-4  |a SNK  |b SNK  |y PREZ  |7 0  |p 17A1368768  |o snkČSB 7186/2007  |i snk2019/18825  |8 0  |0 0  |1 0  |4 0  |d 2019-07-16  |l 0  |r 2026-02-21 22:21:26  |w 2026-02-21 
952 |t č. 1-4  |a SNK  |b SNK  |y PREZ  |7 0  |p 17A1368769  |o snkČSB 7186/2007 D1  |i snk2019/18828  |8 0  |0 0  |1 0  |4 0  |d 2019-07-16  |l 0  |r 2026-02-21 22:21:27  |w 2026-02-21 
952 |t č. 1-4  |a SNK  |b SNK  |y PREZ  |7 0  |p 17A1368770  |o snkČSB 7186/2008  |i snk2019/18830  |8 0  |0 0  |1 0  |4 0  |d 2019-07-16  |l 0  |r 2026-02-21 22:21:27  |w 2026-02-21 
952 |t č. 1-4  |a SNK  |b SNK  |y PREZ  |7 0  |p 17A1368771  |o snkČSB 7186/2008 D1  |i snk2019/18833  |8 0  |0 0  |1 0  |4 0  |d 2019-07-16  |l 0  |r 2026-02-21 22:21:27  |w 2026-02-21 
952 |t č. 1-4  |a SNK  |b SNK  |y PREZ  |7 0  |p 17A1368772  |o snkČSB 7186/2009  |i snk2019/18834  |8 0  |0 0  |1 0  |4 0  |d 2019-07-16  |l 0  |r 2026-02-21 22:21:27  |w 2026-02-21 
952 |t č. 1-4  |a SNK  |b SNK  |y PREZ  |7 0  |p 17A1368774  |o snkČSB 7186/2010  |i snk2019/18838  |8 0  |0 0  |1 0  |4 0  |d 2019-07-16  |l 0  |r 2026-02-21 22:21:27  |w 2026-02-21 
952 |t č. 1-4  |a SNK  |b SNK  |y PREZ  |7 0  |p 17A1368775  |o snkČSB 7186/2010 D1  |i snk2019/18839  |8 0  |0 0  |1 0  |4 0  |d 2019-07-16  |l 0  |r 2026-02-21 22:21:27  |w 2026-02-21 
952 |t č. 1-4  |a SNK  |b SNK  |y PREZ  |7 0  |p 17A1368776  |o snkČSB 7186/2011  |i snk2019/18840  |8 0  |0 0  |1 0  |4 0  |d 2019-07-16  |l 0  |r 2026-02-21 22:21:27  |w 2026-02-21 
952 |t č. 1-4  |a SNK  |b SNK  |y PREZ  |7 0  |p 17A1368777  |o snkČSB 7186/2011 D1  |i snk2019/18843  |8 0  |0 0  |1 0  |4 0  |d 2019-07-16  |l 0  |r 2026-02-21 22:21:27  |w 2026-02-21 
952 |t č. 1-4  |a SNK  |b SNK  |y PREZ  |7 0  |p 17A1368778  |o snkČSB 7186/2012  |i snk2019/18845  |8 0  |0 0  |1 0  |4 0  |d 2019-07-16  |l 0  |r 2026-02-21 22:21:27  |w 2026-02-21 
952 |t č. 1-4  |a SNK  |b SNK  |y PREZ  |7 0  |p 17A1368779  |o snkČSB 7186/2012 D1  |i snk2019/18847  |8 0  |0 0  |1 0  |4 0  |d 2019-07-16  |l 0  |r 2026-02-21 22:21:27  |w 2026-02-21 
952 |t č. 1-4  |a SNK  |b SNK  |y PREZ  |7 0  |p 17A1368780  |o snkČSB 7186/8/2013  |i snk2019/18848  |8 0  |0 0  |1 0  |4 0  |d 2019-07-16  |l 0  |r 2026-02-21 22:21:27  |w 2026-02-21 
952 |t č. 1-4  |a SNK  |b SNK  |y PREZ  |7 0  |p 17A1368781  |o snkČSB 7186/8/2013 D1  |i snk2019/18849  |8 0  |0 0  |1 0  |4 0  |d 2019-07-16  |l 0  |r 2026-02-21 22:21:27  |w 2026-02-21 
952 |t č. 1-4  |a SNK  |b SNK  |y PREZ  |7 0  |p 17A1368782  |o snkČSB 7186/9/2014  |i snk2019/18850  |8 0  |0 0  |1 0  |4 0  |d 2019-07-16  |l 0  |r 2026-02-21 22:21:27  |w 2026-02-21 
952 |t č. 1-4  |a SNK  |b SNK  |y PREZ  |7 0  |p 17A1368783  |o snkČSB 7186/9/2014 D1  |i snk2019/18851  |8 0  |0 0  |1 0  |4 0  |d 2019-07-16  |l 0  |r 2026-02-21 22:21:27  |w 2026-02-21 
952 |t č. 1-4  |a SNK  |b SNK  |y PREZ  |7 0  |p 17A1368784  |o snkČSB 7186/10/2015  |i snk2019/18852  |8 0  |0 0  |1 0  |4 0  |d 2019-07-16  |l 0  |r 2026-02-21 22:21:27  |w 2026-02-21 
952 |t č. 1-4  |a SNK  |b SNK  |y PREZ  |7 0  |p 17A1368785  |o snkČSB 7186/10/2015 D1  |i snk2019/18854  |8 0  |0 0  |1 0  |4 0  |d 2019-07-16  |l 0  |r 2026-02-21 22:21:27  |w 2026-02-21 
952 |t č. 1-4, neúplné  |a SNK  |b SNK  |y PREZ  |7 0  |p 17A1368786  |o snkČSB 7186/11/2016  |i snk2019/18856  |8 0  |z Chýba č. 4  |0 0  |1 0  |4 0  |d 2019-07-16  |l 0  |r 2026-02-21 22:21:27  |w 2026-02-21 
952 |t č. 1-4  |a SNK  |b SNK  |y PREZ  |7 0  |p 17A1368787  |o snkČSB 7186/12/2017  |i snk2019/18859  |8 0  |0 0  |1 0  |4 0  |d 2019-07-16  |l 0  |r 2026-02-21 22:21:28  |w 2026-02-21 
952 |t č. 1-4  |a SNK  |b SNK  |y PREZ  |7 0  |p 17A1368788  |o snkČSB 7186/12/2017 D1  |i snk2019/18860  |8 0  |0 0  |1 0  |4 0  |d 2019-07-16  |l 0  |r 2026-02-21 22:21:28  |w 2026-02-21 
952 |t č. 1-4  |a SNK  |b SNK  |y PREZ  |7 0  |p 17A1368789  |o snkČSB 7186/13/2018  |i snk2019/18863  |8 0  |0 0  |1 0  |4 0  |d 2019-07-16  |l 0  |r 2026-02-21 22:21:28  |w 2026-02-21 
952 |t č. 1-4  |a SNK  |b SNK  |y PREZ  |7 0  |p 17A1368790  |o snkČSB 7186/13/2018 D1  |i snk2019/18865  |8 0  |0 0  |1 0  |4 0  |d 2019-07-16  |l 0  |r 2026-02-21 22:21:30  |w 2026-02-21 
952 |t č. 1-4  |a SNK  |b SNK  |y PREZ  |7 0  |p 17A1432489  |o snkČSB 7186/14/2019  |i snk2020/18741  |8 0  |0 0  |1 0  |4 0  |d 2020-10-15  |l 0  |r 2026-02-21 22:22:59  |w 2026-02-21